भगतसिंहःव्यक्तितत्व एवं विचार / (Record no. 54323)

MARC details
000 -LEADER
fixed length control field 01141nam a22002657a 4500
005 - DATE AND TIME OF LATEST TRANSACTION
control field 20090724135734.0
008 - FIXED-LENGTH DATA ELEMENTS--GENERAL INFORMATION
fixed length control field 090608t xxu||||| |||| 00| j hin d
010 ## - LCCN (DPL NO)
LC control number HIN-93392
020 ## - INTERNATIONAL STANDARD BOOK NUMBER
International Standard Book Number 9788190544993
Terms of availability 200.00
035 ## - SYSTEM CONTROL NUMBER
System control number HN-65738
037 ## - SOURCE OF ACQUISITION
Source of stock number/acquisition DBAD / PUB
040 ## - CATALOGING SOURCE
Original cataloging agency DPL
Language of cataloging HN
082 ## - DEWEY DECIMAL CLASSIFICATION NUMBER
Classification number 921
100 ## - MAIN ENTRY--PERSONAL NAME
9 (RLIN) 1372
Personal name कसवा राजेन्द्र
245 ## - TITLE STATEMENT
Title भगतसिंहःव्यक्तितत्व एवं विचार /
Statement of responsibility, etc राजेन्द्र कसवा
260 ## - PUBLICATION, DISTRIBUTION, ETC. (IMPRINT)
Place of publication, distribution, etc जयपुर
Name of publisher, distributor, etc बाजिया बुक
Date of publication, distribution, etc 2011
270 ## - ADDRESS
Address मकान नं. 430, दूसरी मंजिल,चांदपोल बाजार
City जयपुर
Postal code 302003 (राज.)
Telephone number 0141- 2317611
300 ## - PHYSICAL DESCRIPTION
Extent 184पृ.
Dimensions 22सेमी (सजिल्द)
650 ## - SUBJECT ADDED ENTRY--TOPICAL TERM
9 (RLIN) 1169
650 ## - SUBJECT ADDED ENTRY--TOPICAL TERM
9 (RLIN) 30030
700 ## - ADDED ENTRY--PERSONAL NAME
9 (RLIN) 29841
942 ## - ADDED ENTRY ELEMENTS (KOHA)
Source of classification or shelving scheme Dewey Decimal Classification
Item type Hindi Books
Call number suffix कसवा
Classification part 921
Holdings
Withdrawn status Lost status Source of classification or shelving scheme Damaged status Not for loan Collection code Home library Current library Date acquired Source of acquisition Cost, normal purchase price Total Checkouts Full call number Barcode Date last seen Copy number Cost, replacement price Koha item type
    Dewey Decimal Classification   Not For Loan Non-fiction D.B.Act.Division D.B.Act.Division 25/07/2011 DBAD / PUB 200.00   921 कसवा HN-65738 25/07/2011 1 200.00 Hindi Books

© Delhi Public Library
Hit Counter
free hit counter